000 00470nam a2200181Ia 4500
001 11434
003 IN-NITTTR
005 20251114233107.0
008 251113s9999||||xx |||||||||||||| ||eng||
040 _beng
040 _cIN-NITTTR
041 _aeng
082 _a005.136 Y2A
100 _aYarmish, Rina
245 0 _aAssembly language fundamentals :
_b 360/370, OS/VS,  DOS/VS /
_cYarmish, Rina, Yarmish, Joshua
700 _a Yarmish, Joshua
942 _2ddc
_cBK
999 _c14070
_d14070